Los siete platos de arroz con leche y otras charlas /
Guardado en:
| Autor Principal: | |
|---|---|
| Formato: | Libro |
| Publicado: |
Buenos Aires :
Eudeba,
1961
|
| Edición: | 2a. ed. |
| Series: | Serie Del Siglo Y Medio ; 7
|
| Materias: | |
| Etiquetas: |
Agregar Etiqueta
Sin Etiquetas, Sea el primero en etiquetar este registro!
|
| LEADER | 00630nam a22002055a 4500 | ||
|---|---|---|---|
| 001 | EHU.bham024991 | ||
| 003 | AR-BHAM | ||
| 005 | 20130508104514.0 | ||
| 008 | 130507s1961##################000#0#####d | ||
| 082 | A | 8 | |a 868.3 |
| 100 | 1 | |a Mansilla, Lucio V. | |
| 245 | 1 | 0 | |a Los siete platos de arroz con leche y otras charlas / |c Lucio V. Mansilla |
| 250 | |a 2a. ed. | ||
| 260 | |a Buenos Aires : |b Eudeba, |c 1961 | ||
| 300 | |a 148 p. | ||
| 490 | 0 | |a Serie Del Siglo Y Medio ; 7 | |
| 653 | |a Donacion lejarraga | ||
| 653 | |a Literatura argentina | ||
| 653 | |a Historia argentina | ||
| 859 | |a AR-BHAM |b BIB. HUMANIDADES - General |h A868.3 |i M317-5 |k A |p 722.02 |t Ej.1 | ||
